000 00821nam a22001935i 4500
001 166514
003 ES-MaACL
005 20250718063338.0
008 050913s1893 sp | |||||||| ||spa d
040 _aCAM
_bspa
_cCAM
100 1 _aTorres Campos, Rafael,
_d1853-1904
_9110935
245 1 4 _aLas profesiones de la mujer
_b: ponencia sobre el tema IV de la sección V del Congreso Pedagógico Hispano-Portugués-Americano /
_cpor R. Torres Campos.
260 _aMadrid :
_b[s.n.],
_c1893 (
_fFortanet)
300 _a72 p. ;
_c17 cm.
650 4 _aMujeres-
_xTrabajo.
_915318
711 2 _aCongreso Pedagógico Hispano Portugués Americano (
_n1º.
_d1892.
_cMadrid)
_9135102
852 _aES-MaACL
_jT-645-F-2
_z-- Enc. hol., conservando la cub. original
_z-- Enc. en un vol. facticio
999 _c166514
_d166514